| 000 | 00566nam a2200181 a 4500 | ||
|---|---|---|---|
| 001 | 000039805 | ||
| 005 | 20201002033738.0 | ||
| 008 | 130722s19uu sp 000 0 spa d | ||
| 020 | _a8474612926 | ||
| 040 |
_aDO-SdBNP _bspa _cBNPHU |
||
| 082 | _axxx | ||
| 100 | 1 |
_aTagore, Rabindranath _943058 |
|
| 245 | 1 | 3 |
_aLa casa y el mundo / _cRabindranath Tagore. |
| 260 |
_aMadrid : _bClub Internacional del Libro, _c[19-?]. |
||
| 300 |
_a174 p. ; _c22 cm. |
||
| 490 | 1 | _aGrandes genios de la literatura universal | |
| 830 | 0 |
_aGrandes genios de la literatura universal _97077 |
|
| 999 |
_c39295 _d39295 |
||